| 000 | 00914nam a2200253Ia 4500 | ||
|---|---|---|---|
| 003 | OSt | ||
| 005 | 20221005105558.0 | ||
| 006 | a|||||r|||| 00| 0 | ||
| 007 | ta | ||
| 008 | 221004b |||||||| |||| 00| 0 urd d | ||
| 024 | _a108837 | ||
| 037 | _cTextual | ||
| 040 |
_aCRL _cCRL _burd |
||
| 041 |
_2urd _aurd |
||
| 082 | _aO168,1N45,KT, 152M1 | ||
| 100 | _aरियाज़, फ़हमीदा | ||
| 245 | 0 |
_aपाकिस्तान 81 _b क्या तुम पूरा चॉंद न देखोगे ? |
|
| 246 | _aPākistān 81: kyā tum pūrā chaॉanda n dekhoge | ||
| 260 |
_aनई दिल्ली _bराधाकृष्ण भारत _c1981 |
||
| 300 |
_a62पृ0 _ccm. |
||
| 650 | _aउर्दू साहित्य | ||
| 942 |
_hO168,1N45,KT, 152M1 _cTEXL _2cc |
||
| 999 |
_c1016234 _d1016234 |
||